[Event "92nd ARG-ch Final 2017"]
[Site "Buenos Aires"]
[Date "2017.10.24"]
[Round "13"]
[White "Valerga, Diego"]
[Black "Mareco, Sandro"]
[Result "1/2-1/2"]
[WhiteElo "2452"]
[BlackElo "2644"]
[Annotator "TA"]
[PlyCount "161"]
[EventDate "2017.10.12"]
[EventType "tourn"]
[EventCountry "ARG"]
[SourceTitle "playchess.com"]
[Source "ChessBase"]
[SourceQuality "1"]

{[%evp 16,161,-10,-22,-24,-26,4,0,0,0,11,-37,7,-20,-18,-34,0,-14,0,0,0,0,16,0,0,-13,-11,-8,-8,-16,-15,-7,0,0,0,0,0,-32,-37,-45,12,7,9,14,26,17,17,20,48,0,0,0,0,0,0,0,0,-10,-10,-20,-16,-70,-70,-70,-70,-185,-118,-186,-71,-71,-69,-70,-12,-15,-8,-8,-8,-8,-8,-8,-8,-8,0,-7,0,0,0,-8,0,0,0,-33,-34,-24,-24,-70,-70,-70,-70,-70,-68,-67,-20,-28,-28,-28,-22,-24,0,-24,-24,-24,-22,-22,-22,-31,0,-9,-9,-9,-10,-70,0,-70,-70,-70,-70,-70,-70,-70,-70,-70,-70,-70,-70,-70,-70,-70,-70,-70,-70,-70,-70,-70,-70,-70,-70,-70]} 1. d4 Nf6 2. c4 e6 3. Nf3 d5 4. cxd5 exd5 5. Nc3 c6 6. Bg5 h6 7. Bh4 Bf5 8. Qb3 g5 9. Bg3 Qb6 $1 {D35: Queen's Gambit Declined: Exchange Variation} 10. e3 Na6 (10... Nbd7 11. Nd2 Nh5 12. Be2 Nxg3 13. hxg3 Nf6 {0-1 (68) Debashis,D (2472)-Adams,M (2751) Caleta 2017}) 11. Qxb6 axb6 {The position is equal.} 12. Ne5 $146 ({Predecessor:} 12. a3 Nb8 13. Kd2 Nbd7 14. Bd3 Be6 15. Ne5 Rg8 16. h3 b5 17. a4 bxa4 18. Rxa4 Rxa4 19. Nxa4 {½-½ (33) Seirawan,Y (2630)-Zvjaginsev,V (2635) Groningen 1997}) 12... b5 13. Bd3 Ne4 14. f3 (14. Bxe4 $5 dxe4 15. f3 $14) 14... Nxg3 15. hxg3 Be6 16. f4 Bg7 17. Kd2 Nb8 18. a3 Nd7 19. Nf3 {[#] And now f5 would win.} f6 20. e4 dxe4 21. Nxe4 O-O-O {[%cal Be8c8,Bc8c7,Bc7d6][%mdl 32]} 22. Rae1 Bd5 23. Nd6+ Kc7 24. Nf5 $1 {[%cal Rf5g7]} Bf8 25. fxg5 fxg5 26. Ne7 Bxe7 27. Rxe7 Kd6 (27... Kb6 $15) 28. Rg7 $11 Rdf8 29. g4 Bxf3 30. gxf3 Rxf3 31. Bf5 {[%csl Gf5][%cal Rg7d7]} Nb6 32. Rxb7 Nc4+ 33. Ke2 {[%csl Gf5][%cal Rb7d7]} Re3+ 34. Kf2 {[%csl Gf5][%cal Rb7d7]} Re7 35. Rxe7 Kxe7 {[%mdl 4096] Endgame KRB-KRN} 36. Re1+ Kd6 37. Re2 h5 38. Re6+ (38. gxh5 $11 Rf8 39. Kg3 Rxf5 40. h6) 38... Kd5 $15 39. Rg6 $1 hxg4 {Hoping for ...Rf8.} 40. Bxg4 ({White should try} 40. Bd7 $15) 40... Kxd4 (40... Rh2+ $19 41. Ke1 Rxb2 42. Be6+ Kxd4 43. Bxc4 Kxc4 44. Rxc6+ Kd4) 41. Kg3 {[#]} (41. Be2 $17) 41... Re8 ({Don't take} 41... Nxb2 42. Rxc6 Nc4 43. a4 $17) (41... c5 $1 $19 {is more deadly.} 42. Be2 Rb8) 42. Rxc6 $17 Re3+ 43. Kf2 Ne5 (43... Rb3 $15 44. Be2 Rxb2) 44. Rd6+ $11 Kc5 45. Bd1 $1 Rh3 46. Rd2 Rh2+ 47. Ke1 Rh1+ 48. Kf2 g4 {...Rh2+ is the strong threat.} 49. Kg3 Re1 50. Kf2 Re4 51. Re2 Rf4+ 52. Kg2 Nc4 53. Kg3 Rf1 54. Bc2 Nxb2 55. Kxg4 Nc4 56. Re8 Nxa3 57. Bd3 Rg1+ 58. Kf3 b4 59. Rb8 Re1 60. Kf2 Re7 61. Kf3 Re1 62. Kf2 Rh1 63. Ke2 Rh2+ 64. Kd1 Rh3 65. Ke2 Rh2+ 66. Kd1 Ra2 67. Kc1 Kd4 68. Rxb4+ ({Better is} 68. Bf5 $11) 68... Kc3 ({Black should play} 68... Kxd3 $15 69. Rb3+ Kd4) 69. Rb6 (69. Rb7 $11) 69... Kxd3 $15 {KRN-KR. Black is slightly better.} 70. Rb3+ Kd4 71. Rb8 Rg2 72. Rh8 Nc4 73. Rh3 Ne3 74. Rh8 Kc3 {[%cal Rg2g1]} 75. Rc8+ Nc4 {[%cal Rg2g1]} 76. Kd1 Kd3 {[%cal Rg2g1]} 77. Rd8+ Ke4 78. Re8+ Ne5 79. Ke1 Ra2 80. Re7 Kd4 81. Kf1 {Precision: White = 60%, Black = 63%.} 1/2-1/2

[Event "92nd ARG-ch Final 2017"]
[Site "Buenos Aires"]
[Date "2017.10.24"]
[Round "13"]
[White "Villanueva, Mario"]
[Black "Krysa, Leandro"]
[Result "0-1"]
[WhiteElo "2451"]
[BlackElo "2545"]
[Annotator "TA"]
[PlyCount "70"]
[EventDate "2017.10.12"]
[EventType "tourn"]
[EventCountry "ARG"]
[SourceTitle "playchess.com"]
[Source "ChessBase"]
[SourceQuality "1"]

{[%evp 12,70,35,-6,-11,-13,-6,-12,8,11,-8,-14,-12,-19,26,22,29,-62,-71,-74,-84,-91,-97,-97,-73,-91,-79,-144,-137,-175,-132,-117,-123,-182,-136,-136,-126,-127,-122,-295,-254,-290,-153,-158,-55,-158,-158,-152,-157,-251,-245,-718,-521,-1230,-1183,-29981,-29982,-29983,-29984,-29991,-29992]} 1. e4 e5 2. Nf3 Nc6 3. Bb5 a6 4. Ba4 Nf6 5. O-O Be7 6. Re1 d6 7. c4 Bg4 {C87: Closed Ruy Lopez: Steinitz-type lines after 6 Re1 d6} (7... O-O 8. Bxc6 bxc6 9. d4 Bg4 10. dxe5 Nd7 11. exd6 cxd6 12. h3 Be6 13. Nd4 Qc7 14. Qc2 Ne5 15. f4 {1-0 (29) Fernandez Romero,E (2460)-Bradford,J (2446) Dos Hermanas 2006}) 8. h3 Bxf3 9. Qxf3 O-O {The position is equal.} 10. Bxc6 bxc6 11. Na3 $146 ({Predecessor:} 11. Nc3 Nd7 12. b4 Re8 13. a3 Bg5 14. d3 Bxc1 15. Raxc1 {½-½ (26) Fechner,J (2075)-Klapp,H (2120) GER email 2009}) 11... a5 12. Nc2 a4 13. d4 Nd7 14. Nb4 ({White should try} 14. d5 $11) 14... exd4 $15 15. Nxc6 Ne5 $36 {[%mdl 2048] Black is on the roll.} 16. Nxe5 dxe5 17. Bd2 Qb8 18. Reb1 Bb4 19. Bc1 ({White should play} 19. Bxb4 Qxb4 20. Qd3) 19... Qb7 $17 20. Qd3 Qc6 21. f3 h6 22. b3 (22. Bd2 $17 {was necessary.} Rfb8 23. Rc1) 22... axb3 23. axb3 Rxa1 24. Rxa1 Rb8 25. f4 $2 (25. Kf2 $17) 25... Bc3 26. Rb1 {[#]} Re8 (26... f5 $1 $19 {[%mdl 512]} 27. exf5 e4) 27. f5 Ra8 (27... Rb8 $17 28. Kh2 Ra8) 28. Bb2 (28. b4 $1 $15) 28... Bxb2 29. Rxb2 {[%mdl 4096] Endgame KQR-KQR} Ra1+ 30. Kf2 (30. Rb1 $17 Ra3 31. Qe2) 30... Qf6 {White must now prevent ...Qh4+.} 31. Qg3 $2 {[#]} (31. g3) 31... d3 $1 $19 {[%mdl 512]} 32. b4 {If only White now had time for Rd2....} (32. Qxd3 Qh4+) 32... Qd8 {( -> ...d2)} 33. Rd2 Qd4+ {Black mates.} 34. Kf3 Rf1+ 35. Rf2 Re1 {Precision: White = 21%, Black = 60%.} 0-1

[Event "92nd ARG-ch Final 2017"]
[Site "Buenos Aires"]
[Date "2017.10.24"]
[Round "13"]
[White "Slipak, Sergio"]
[Black "Sosa, Tomas"]
[Result "1/2-1/2"]
[WhiteElo "2437"]
[BlackElo "2466"]
[Annotator "TA"]
[PlyCount "32"]
[EventDate "2017.10.12"]
[EventType "tourn"]
[EventCountry "ARG"]

{[%evp 11,32,17,22,-9,35,22,85,47,45,51,83,62,70,94,76,62,68,63,92,99,97,92,135]} 1. c4 e5 2. Nc3 d6 3. g3 g6 4. Bg2 Bg7 5. e4 Be6 6. d3 {[%cal Bd2d3,Bd3d4][%mdl 32] A21: English Opening: 1...e5 2 Nc3} Qd7 {LiveBook: 12 Games} (6... h5 7. f4 Bg4 8. Qc2 Nc6 9. h3 Be6 10. Nf3 Nge7 11. Be3 Qd7 12. Nd5 O-O 13. Ng5 Bxd5 14. cxd5 {0-1 (65) Lobron,E (2528)-Leenhouts,K (2487) Amsterdam 2017}) 7. f4 c6 $146 ({Predecessor:} 7... Nc6 8. Nf3 Bh3 9. O-O Bxg2 10. Kxg2 Nge7 11. Be3 O-O 12. Qd2 f5 13. Nd5 exf4 14. gxf4 {1-0 (44) Frayna,J (2285)-Bermundo,L (1890) Manila 2016}) 8. Nf3 {White is slightly better.} Bh3 (8... Ne7 $11) 9. O-O {[#] Hoping for Bxh3.} Bxg2 10. Kxg2 Ne7 11. d4 exf4 12. Bxf4 O-O 13. Qd2 Na6 14. Bh6 Rae8 15. Bxg7 Kxg7 16. Rae1 h6 1/2-1/2

[Event "92nd ARG-ch Final 2017"]
[Site "Buenos Aires"]
[Date "2017.10.24"]
[Round "13"]
[White "Dolezal, Cristian"]
[Black "Flores, Diego"]
[Result "1/2-1/2"]
[WhiteElo "2426"]
[BlackElo "2574"]
[Annotator "TA"]
[PlyCount "82"]
[EventDate "2017.10.12"]
[EventType "tourn"]
[EventCountry "ARG"]
[SourceTitle "playchess.com"]
[Source "ChessBase"]
[SourceQuality "1"]

{[%evp 9,82,-8,0,0,0,0,-10,-13,-3,-20,-15,-24,-18,-18,-4,-18,-22,-22,-16,-51,-44,-35,-36,-38,-41,-43,-33,-55,-28,-39,-16,-18,-15,-15,-11,-25,-16,-23,-16,-20,-13,-12,-6,0,-4,-4,0,-8,0,-4,-7,-8,-10,-1,-12,-12,0,0,0,-3,0,-10,0,-9,14,0,0,0,0,0,0,0,0,0,0]} 1. Nf3 Nf6 2. c4 e6 3. b3 d5 4. cxd5 (4. g3 Be7 5. Bg2 O-O 6. O-O c5 7. e3 Nc6 8. Bb2 b6 9. cxd5 Nxd5 10. d4 Ba6 11. Re1 Ndb4 12. Bc3 Nd3 13. Re2 cxd4 14. Nxd4 Nxd4 15. exd4 Rc8 16. Re3 Nb4 17. Bxb4 Bxb4 18. a3 Bc5 19. Re4 f5 20. Re1 Bxd4 21. Ra2 e5 22. Nd2 Bxf2+ {0-1 (22) Caruana,F (2807)-Dominguez Perez,L (2739) Saint Louis 2017}) 4... exd5 5. Bb2 Bd6 6. g3 {A13: English Opening: 1...e6} O-O 7. Bg2 Re8 8. O-O Bg4 9. Nc3 c6 10. e3 $146 ({Predecessor:} 10. h3 Bh5 11. d3 h6 12. Re1 Bg6 13. Qc2 Nbd7 14. e4 Nc5 {0-1 (46) Dzera,E (2205)-Andriyashenko,V (1902) Konakovo 2010}) 10... Nbd7 11. Ne2 a5 12. Rb1 Bf5 13. d3 Nc5 14. Nc1 h6 15. Re1 Bh7 16. Nd4 Nfd7 17. Nc2 Be7 18. Qd2 Bf6 19. Bc3 Qb6 20. Bxf6 Nxf6 21. Rd1 Rad8 22. Nd4 {[%cal Bc2d4,Bd4e2,Be2c3][%mdl 32]} Nfd7 23. Rb2 Ne5 {White must now prevent ...Nexd3.} 24. Qc3 {The position is equal.} Na6 {[%cal Bc5a6,Ba6c7,Bc7b5][%mdl 32]} 25. Nde2 Nc7 26. d4 Nb5 27. Qd2 Nd7 28. Nc3 Nd6 29. Nd3 Ra8 30. Rc1 Qd8 31. Qd1 Bxd3 32. Qxd3 Nb6 33. Qd1 Qe7 34. Bf1 f5 35. Bd3 Ne4 36. Qc2 h5 37. Qd1 h4 38. Bxe4 fxe4 39. Qg4 hxg3 40. fxg3 Rf8 41. Rf1 Rxf1+ {Precision: White = 67%, Black = 49%.} 1/2-1/2

[Event "92nd ARG-ch Final 2017"]
[Site "Buenos Aires"]
[Date "2017.10.24"]
[Round "13"]
[White "Acosta, Pablo Ismael"]
[Black "Pierrot, Facundo"]
[Result "1/2-1/2"]
[WhiteElo "2409"]
[BlackElo "2405"]
[Annotator "TA"]
[PlyCount "79"]
[EventDate "2017.10.12"]
[EventType "tourn"]
[EventCountry "ARG"]
[SourceTitle "playchess.com"]
[Source "ChessBase"]
[SourceQuality "1"]

{[%evp 21,79,-20,-13,-23,-14,-45,-33,-40,-34,-46,-38,-41,-45,-49,-16,-13,-8,-32,-19,-29,-17,-27,-29,-30,-16,-6,4,6,8,4,16,14,14,14,26,21,31,31,27,22,63,56,49,63,37,16,25,32,47,47,47,47,47,11,33,11,37,0,0,0]} 1. d4 Nf6 2. c4 g6 3. Nc3 d5 4. Nf3 Bg7 5. g3 c6 6. cxd5 cxd5 7. Bg2 Ne4 8. O-O Nc6 9. Qb3 O-O 10. Bf4 {D79: Grünfeldindisch (Fianchetto 6.0-0 c6 7.cxd5 cxd5)} (10. Be3 Na5 11. Qb4 Nxc3 12. Qxc3 Bf5 13. Rfc1 Qb6 14. b3 Rfc8 15. Qd2 Nc6 16. Ne5 Nb4 17. g4 Be6 {½-½ (45) Mecking,H (2606)-Shirov,A (2683) Florianopolis 2017}) 10... Nxc3 11. bxc3 Na5 {LiveBook: 8 Partien} 12. Qb5 e6 13. Ne5 f6 14. Nd3 Bd7 15. Qb4 b6 $146 ({Vorgänger:} 15... Re8 16. Rfe1 Rc8 17. e4 Bf8 {0-1 (62) Lagashin,P (2093)-Ulko,J (2478) Moscow 2009}) 16. e4 dxe4 17. Bxe4 Bc6 18. Bxc6 Nxc6 19. Qb3 (19. Qb5 {seems wilder.} Rc8 20. Rfe1 Re8 21. Re2 Qd5 22. Qxd5 exd5 23. Rxe8+ Rxe8 24. Be3) 19... Qd7 20. Rfe1 Rfe8 21. Qb5 Rad8 {Weiss muss nun ...g5 beachten.} 22. a4 Na5 23. Nc5 bxc5 24. Qxa5 cxd4 25. cxd4 Qxd4 26. Be3 Qd5 27. Qxd5 Rxd5 28. Bxa7 Ra8 29. Bb6 f5 30. Ra2 Rd6 31. Rb1 $1 Rb8 32. a5 Bd4 $1 {[%cal Rd4b6]} 33. Kg2 {Td1 ist eine echte Drohung.} Bxb6 34. Rab2 {[%cal Rb2b6]} Bc7 {[#] Und ...Txb2 würde nun gewinnen.} 35. Rxb8+ Bxb8 36. Rxb8+ Kf7 37. Ra8 {Und weiter mit a6 wäre nett.} (37. Rb6 $5 {[%cal Rb6d6]} Ke7 38. Rb7+ Kf6 39. Ra7 $14) 37... e5 38. a6 {[%cal Ba5a6,Ba6a7][%mdl 32] [#] Droht stark a7.} Kg7 $1 39. a7 Ra6 40. Re8 {Precision: Weiß = 50%, Schwarz = 69%.} 1/2-1/2

[Event "92nd ARG-ch Final 2017"]
[Site "Buenos Aires"]
[Date "2017.10.24"]
[Round "13"]
[White "Cuberli, Emiliano"]
[Black "Perez Ponsa, Federico"]
[Result "1/2-1/2"]
[WhiteElo "2248"]
[BlackElo "2594"]
[Annotator "TA"]
[PlyCount "88"]
[EventDate "2017.10.12"]
[EventType "tourn"]
[EventCountry "ARG"]
[SourceTitle "playchess.com"]
[Source "ChessBase"]
[SourceQuality "1"]

{[%evp 13,88,-11,-13,-4,5,8,8,8,8,8,8,11,11,0,8,0,0,0,0,-27,-30,-45,-45,-58,-12,-65,-33,-57,-64,-60,-42,-83,-93,-104,-89,-84,-90,-76,-77,-75,0,0,0,0,0,0,0,0,178,166,226,232,216,185,181,199,238,233,235,232,251,251,275,242,255,0,0,0,0,0,0,0,0,0,0,0,0]} 1. d4 d5 2. Nf3 Nf6 3. Bf4 e6 4. c3 Bd6 5. Bxd6 (5. e3 Bxf4 6. exf4 O-O 7. Nbd2 c5 8. dxc5 Qc7 9. g3 Nbd7 10. Nb3 a5 11. a4 e5 12. fxe5 Nxe5 13. Nxe5 Qxe5+ {½-½ (40) Hasangatin,R (2509)-Popov,I (2618) Sochi 2017}) 5... Qxd6 6. Nbd2 {D02: 1 d4 d5 2 Nf3 sidelines, including 2...Nf6 3 g3 and 2...Nf6 3 Bf4} O-O 7. e3 c5 {LiveBook: 8 Games} 8. Ne5 Nc6 9. f4 Ne7 $146 ({Predecessor:} 9... b6 10. Bd3 a5 11. Qe2 Nb8 12. O-O Ba6 13. Bxa6 Nxa6 14. Rf3 {1-0 (35) Salomon,J (2441)-Rodsmoen,M (1914) Oslo 2016}) 10. Bd3 b5 11. O-O b4 12. Rf3 bxc3 13. bxc3 cxd4 14. cxd4 Ba6 15. Bxa6 Qxa6 16. Nb3 Ne4 17. Rh3 Qa3 18. Nd7 Rfd8 19. Ne5 (19. Nbc5 $11) 19... Ng6 (19... Qb2 $2 20. Qh5 $18) 20. Qh5 Nf6 21. Qe2 Rdc8 22. Rf1 Rc3 23. Nc5 Rb8 24. Ned7 Nxd7 25. Nxd7 Rb2 26. Qh5 {[%csl Gh3][%cal Rh5h7] [#]} h6 (26... Nf8 $1 $17 27. Nxf8 Kxf8 28. Qxh7 Qxa2) 27. f5 $11 exf5 28. Qxf5 Qe7 $1 {Threatens to win with ...Rcc2.} 29. Qxd5 $40 {[%mdl 128] White mounts an attack.} Rxe3 30. Ne5 $1 (30. Rxe3 Qxe3+ 31. Kh1 Rf2 $17) 30... Rxe5 $2 (30... Rxh3 $11 {and Black stays safe.} 31. Rxf7 Kh7 32. Rxe7 Rb1+ 33. Kf2 Rb2+ 34. Kg1 Rb1+ 35. Kf2 Rb2+ 36. Kg1) 31. dxe5 $18 Rb6 (31... Qc7 {was necessary.} 32. Rhf3 Nxe5) 32. Rc3 Re6 33. Rd1 Kh7 34. Qd7 Qg5 35. Qxf7 Nf4 {[%csl Gf4][%cal Rg5g2] [#]} 36. Rc2 $1 Qxe5 {aiming for ...Qe3+.} 37. Rf2 (37. Qxa7 Qe4 $11) 37... Rf6 38. Qd7 ({And not} 38. Qxa7 Nh3+ 39. gxh3 Rg6+ 40. Kf1 Qb5+ 41. Re2 Rf6+ 42. Qf2 (42. Ke1 Qb4+ 43. Rdd2 Qb1+ 44. Rd1 Qb4+ 45. Rdd2 Qb1+ 46. Rd1 Qb4+ $11) 42... Rxf2+ 43. Kxf2 Qc5+ 44. Kg2 Qc6+ 45. Kg3 Qg6+ 46. Kf2 Qb6+ 47. Kf1 Qc6 $11) 38... Qe4 39. Qc7 $2 (39. Qxa7 $2 Nh3+ 40. gxh3 Rg6+ 41. Kf1 Qh1+ 42. Ke2 Re6+ 43. Kd2 Rd6+ 44. Kc2 Rxd1 $19) (39. Qd2 $18) 39... Nh3+ {The position is equal.} 40. gxh3 Rg6+ 41. Qg3 ({Reject} 41. Kf1 Qh1+ 42. Ke2 Re6+ 43. Kd2 Qd5+ 44. Kc1 Rc6+ 45. Rc2 Qg5+ 46. Rdd2 Rxc7 $15) 41... Qe3 42. Kg2 Qe4+ 43. Kg1 Qe3 44. Kg2 Qe4+ {Precision: White = 55%, Black = 61%.} 1/2-1/2